Pentecostalism today bright wind of the Spirit (Record no. 17310)

000 -LEADER
fixed length control field 00661nam a2200205 a 4500
001 - CONTROL NUMBER
control field :::00021188$&:&@@
003 - CONTROL NUMBER IDENTIFIER
control field OkBaRHE
005 - DATE AND TIME OF LATEST TRANSACTION
control field 20071105155814.0
008 - FIXED-LENGTH DATA ELEMENTS--GENERAL INFORMATION
fixed length control field s1972 j 000 0 eng u
020 ## - INTERNATIONAL STANDARD BOOK NUMBER
International Standard Book Number 0892769513
040 ## - CATALOGING SOURCE
Transcribing agency
100 1# - MAIN ENTRY--PERSONAL NAME
Personal name Durasoff, Steve
245 10 - TITLE STATEMENT
Title Pentecostalism today bright wind of the Spirit
260 ## - PUBLICATION, DISTRIBUTION, ETC. (IMPRINT)
Place of publication, distribution, etc Tulsa,OK
Name of publisher, distributor, etc Rhema Bible Church
Date of publication, distribution, etc c1972
300 ## - PHYSICAL DESCRIPTION
Extent 212p
650 ## - SUBJECT ADDED ENTRY--TOPICAL TERM
Topical term or geographic name as entry element Pentecostalism
942 ## - ADDED ENTRY ELEMENTS (KOHA)
Source of classification or shelving scheme
Koha item type Books
Copies
Withdrawn status Shelving location Full call number Damaged status Barcode Copy number Date acquired Koha item type Source of classification or shelving scheme Permanent Location Date last seen Lost status Price effective from Not for loan
 General StacksBX 8763 .D87 2118812010-04-14Books RHEMA Bible Training College2010-04-14 2010-04-14 
 General StacksBX 8763 .D87 2118922010-04-14Books RHEMA Bible Training College2012-02-07 2010-04-14